Normal view
MARC view
- إعداد وتعريب قبيعة، محمد جمال؛ اخراج فني سامو برس
Entry Personal Name
001 - CONTROL NUMBER
- control field: 51497
003 - CONTROL NUMBER IDENTIFIER
- control field: JO-AjAnu
005 - DATE AND TIME OF LATEST TRANSACTION
- control field: 20230606082454.0
008 - FIXED-LENGTH DATA ELEMENTS
- fixed length control field: 230606|| aca||aabn | a|a d
040 ## - CATALOGING SOURCE
- Original cataloging agency: JO-AjAnu
- Transcribing agency: JO-AjAnu
100 ## - HEADING--PERSONAL NAME
- Personal name: إعداد وتعريب قبيعة، محمد جمال؛ اخراج فني سامو برس
670 ## - SOURCE DATA FOUND
- Source citation: Work cat.: (JO-AjAnu)26322: إعداد وتعريب قبيعة، محمد جمال؛ اخراج فني سامو برس, author, المتقن في الألسن لغات العالم الحية: المحادثة والحوار في اللغة الفرنسية للناطقين بالعربية بطريقة المقروء والمسموع: تحدث الفرنسية بسهولة